000 00629nam a2200229Ia 4500
005 20250326144116.0
008 250326s9999 xx 000 0 und d
020 _a81-87972-09-2
037 _aTextbook
040 _aFMSL
_beng
_cFMSL
041 _aeng
_2eng
084 _aD658(B) N9
_qFMSL
100 _aGaonkar Ramesh
245 0 _aMicroprocessor architecture, programming, and applications with the 8085
_cGaonkar Ramesh
250 _a5
260 _aMumbai
_bMumbai, P R I
_c1999
300 _ax,820
365 _b310
650 _aMarketing
942 _cTB
_hD658(B) N9
999 _c1302388
_d1302388